| 000 | 00763nam a2200205 a 4500 | ||
|---|---|---|---|
| 001 | 000020838 | ||
| 005 | 20260202103257.0 | ||
| 008 | 100818nuuuuuuuuxxu 000 0 spa d | ||
| 040 |
_aDO-SdBNP _bspa _cBPJMB |
||
| 082 |
_a268 _bH318d |
||
| 100 | 1 |
_aHarrison de Grice, Ethel. _943674 |
|
| 245 | 1 | 0 |
_aDepartamento de primarios libro a / _cEthel Harrison de Grice ; version castellana Carlos Ramírez ; resición y corrección Ana María Swenson. |
| 260 |
_aTexas : _bCasa Bautista de Publicaciones, _c[19??]. |
||
| 300 |
_a79 p. : _bil. ; _c27 cm. |
||
| 650 | 4 |
_aEducación cristiana _911641 |
|
| 650 | 4 |
_aEducación católica _912402 |
|
| 650 | 0 |
_aIglesia y educación _917475 |
|
| 700 | 1 |
_aRamírez L., Carlos, _etr. _943675 |
|
| 700 | 1 |
_aSwenson, Ana María. _943676 |
|
| 999 |
_c20341 _d20341 |
||